000 01705nam a22002297a 4500
003 BJBSDDR
005 20260310151419.0
007 ta
008 260310s2023 sp ||||| |||| 00| 0 spa d
020 _a9788411002127
020 _a 8411002128
040 _bspa
_cBJBSDDR
041 _aspa
050 _bV181 2023
100 1 _aValle, Guillermo del
_947431
245 1 3 _aLa izquierda traicionada :
_brazones contra la resignación /
_cGuillermo del Valle
260 _aBarcelona :
_bPenínsula,
_c2023
300 _a288 páginas ;
_c23 cm
520 _aSegún Guillermo del Valle, existe una doble amenaza que poco a poco ha ido destruyendo a una izquierda española cada vez más alejada de sus valores. Por un lado, el fundamentalismo de mercado que se ha inmiscuido hasta tal punto en los partidos progresistas que cuesta distinguir su discurso del de la derecha. Todo ello al mismo tiempo que la amenaza de la economía digital se cierne sobre millones de trabajadores, que el capital sigue concentrándose y que las desigualdades acrecentándose. Y por el otro lado, el identitarismo, un individualismo extremo que se empecina en sacralizar todas y cada una de las identidades que afloran en el mundo, sean religiosas, tribales, irracionalistas, o la peor de todas y más común en nuestro país, el nacionalismo. Este libro es ante todo una crítica a la izquierda desde la propia izquierda, un ensayo que señala las contradicciones persistentes en las que caen los partidos progresistas españoles y que, con argumentos sólidos, aboga por nuevos planteamientos que devuelvan a la socialdemocracia hacia la senda de la libertad y de la igualdad
942 _2lcc
_n0
_cBK
946 _icmc
999 _c126566
_d126566